ARRUPE JESUIT UNIVERSITY

CORONAVIRUS -STOP THE SPREAD - CLEAN,DISINFECT,COVER

Lectiones prime (Record no. 123478)

MARC details
000 -LEADER
fixed length control field 00470nam a22001457a 4500
005 - DATE AND TIME OF LATEST TRANSACTION
control field 20151019102352.0
008 - FIXED-LENGTH DATA ELEMENTS--GENERAL INFORMATION
fixed length control field 151007b xxu||||| |||| 00| 0 eng d
050 ## - LIBRARY OF CONGRESS CALL NUMBER
Classification number PA2389.
Item number S31 1968
100 ## - MAIN ENTRY--PERSONAL NAME
Personal name Sweet, Waldo E.
9 (RLIN) 20144
245 ## - TITLE STATEMENT
Title Lectiones prime
Statement of responsibility, etc Sweet, Waldo E.
260 ## - PUBLICATION, DISTRIBUTION, ETC. (IMPRINT)
Place of publication, distribution, etc Toronto
Name of publisher, distributor, etc Encyclopaedia Britannica Educational Corporation
Date of publication, distribution, etc 1968
300 ## - PHYSICAL DESCRIPTION
Extent vii, 307p.;
Dimensions 21cm.
Other physical details 2vol.
650 ## - SUBJECT ADDED ENTRY--TOPICAL TERM
Topical term or geographic name as entry element Latin language
Source of heading or term grammar
9 (RLIN) 20150
942 ## - ADDED ENTRY ELEMENTS (KOHA)
Source of classification or shelving scheme Library of Congress Classification
Item type Monograph ( Printed materials)
Holdings
Withdrawn status Lost status Source of classification or shelving scheme Damaged status Not for loan Collection code Home library Current library Shelving location Date acquired Total Checkouts Full call number Barcode Date last seen Copy number Price effective from Koha item type
    Library of Congress Classification     Main Collection ARRUPE LIBRARY ARRUPE LIBRARY Main Collection 07/10/2015   PA2389.S31 1968 46500005554 27/03/2019 1 Artes Latinae 07/10/2015 Monograph ( Printed materials)
    Library of Congress Classification     Main Collection ARRUPE LIBRARY ARRUPE LIBRARY Main Collection 07/10/2015   PA2389.S31 1968 46500005555 27/03/2019 2 Teachers guide 07/10/2015 Monograph ( Printed materials)

 

Arrupe Library. PO Box MP320 Mt Pleasant, Harare, Zimbabwe
263 242 745411|librarian@aju.ac.zw